000
00280nam a22001337a 4500
003
SGT
082
_a
616.5
_b
I16K
100
_a
KUMAR, BHUSHAN
245
_a
I A L TB. OF LEPROSY
260
_a
INDIA
_b
JAYPEE
_c
2016
300
_a
749
650
_a
DERMATOLOGY
942
_2
ddc
_c
BK
999
_c
14620
_d
14620